• 首页
  • 本馆介绍
  • 公告通知
  • 最新文献
  • 馆藏检索
  • 电子资源
  • 读者导购
  • 参考咨询
  • 我的图书馆
  • 登录
  • 详细信息显示
  • 放入我的书架
  • 预约/预借图书
  • 作者相关作品
  • 分类相关作品
  • 丛书相关作品
  • 出版社相关作品

书目信息

  • 表格格式
  • 工作单格式
  • 卡片格式
书名: The language of atomic energy in English
作者: Eugene J. Hall.
分册号:
分册名:
出版地: New York :
 
出版社: Regents Pub. Co
出版时间: c1977.
页数: vi, 98 p. :
开本: 23 cm.
丛书名:
中图分类号:
科图分类号:
其他分类号: H31
主题词:
电子资源:
000 00692nam 2200229Ii 4500
001 E0757276828
005 20070224155458.51
008 800211s1977 nyua 000 0 eng d
035    @a2902649
040    @aTMN@cTMN@dOSU
090    @aJ688.4/W511
090    @aH31
092    @a428.24@bH175La
099    @dH31@ex114
100 1  @aHall, Eugene J.
245 14 @aThe language of atomic energy in English / @cEugene J. Hall.
260    @aNew York :@bRegents Pub. Co.,@cc1977.
300    @avi, 98 p. :@bill. ;@c23 cm.
490 1  @aEnglish for careers.
650  0 @aNuclear energy@xTerminology.
650  0 @aEnglish language@xTerms and phrases.
830  0 @aEnglish for careers.
    
    The language of atomic energy in English / / Eugene J. Hall.-New York : : Regents Pub. Co., , c1977.
    vi, 98 p. : : ill. ; ; 23 cm.- (English for careers. )
    
    
    ISBN
    
●
相关链接 在E读中查询图书 在五车中查询图书 在当当中查询图书 在豆瓣中查询图书


正题名:language of atomic energy in English     索取号:H31/x114         预约/预借

序号 登录号 条形码 馆藏地/架位号 状态 备注
1 46716   001040340   第四借阅区/ [索取号:H31/x114] 在馆    
2 46717   001040359   第四借阅区/ [索取号:H31/x114] 在馆    
3 46718   001040377   第四借阅区/ [索取号:H31/x114] 在馆    
唐山师范学院图书馆 欢迎您!
大连网信软件有限公司© 版权所有